Early Urdu historiography (Record no. 6075)

MARC details
000 -LEADER
fixed length control field 00742 a2200205 4500
005 - DATE AND TIME OF LATEST TRANSACTION
control field 20080825141330.0
008 - FIXED-LENGTH DATA ELEMENTS--GENERAL INFORMATION
fixed length control field 080825t xxu||||| |||| 00| 0 eng d
010 ## - LIBRARY OF CONGRESS CONTROL NUMBER
LC control number ENG-87131
020 ## - INTERNATIONAL STANDARD BOOK NUMBER
Terms of availability 300.00
035 ## - SYSTEM CONTROL NUMBER
System control number EN--70664
037 ## - SOURCE OF ACQUISITION
Source of stock number/acquisition DBAD / PUB
082 ## - DEWEY DECIMAL CLASSIFICATION NUMBER
Classification number 954.020072
100 ## - MAIN ENTRY--PERSONAL NAME
Personal name Javed Ali Khan
245 ## - TITLE STATEMENT
Title Early Urdu historiography
260 ## - PUBLICATION, DISTRIBUTION, ETC. (IMPRINT)
Place of publication, distribution, etc Patna
Name of publisher, distributor, etc Khuda Bakhsh Oriental Public Library
Date of publication, distribution, etc 2005
300 ## - PHYSICAL DESCRIPTION
Extent x, 592 p.
Dimensions 21 cm ( Hb.)
500 ## - GENERAL NOTE
General note Includes bibliographical references
942 ## - ADDED ENTRY ELEMENTS (KOHA)
Institution code [OBSOLETE] dpl
Koha item type English Books
Call number prefix 954.020072 / JAV
Source of classification or shelving scheme Dewey Decimal Classification
Classification part 954.020072
Call number suffix JAV
Holdings
Withdrawn status Lost status Damaged status Not for loan Home library Current library Date acquired Cost, normal purchase price Total Checkouts Full call number Barcode Date last seen Copy number Uniform Resource Identifier Cost, replacement price Price effective from Koha item type
        D.B.Act.Division D.B.Act.Division 25/08/2008 300.00   954.020072 JAV EN-70664 15/09/2008 1 6511 300.00 15/09/2008 English Books

© Delhi Public Library
Hit Counter
free hit counter